LEADER 01594nam a2200301 u 4500 001 000000069152 003 CaOOAMICUS 005 20070226121857.0 008 020408s1990 dcu u000 u eng u 035 $a10925806 040 $aPUL(R)$bita 100 1 $aBowers, Ronald Joseph.$0(OLS)http://pul/name/45971 245 10$aEpiscopal power of gouvernance in the diocesan churc :$bfrom the 1917 code of canon law to the present /$cRonald Joseph Bowers. 260 $aWashington, D.C. :$b[s.n.],$c1990. 300 $axi, 352 p. ;$c22 cm 490 1 $aCanon law studies (Catholic University of America) ;$v535 502 $aDiss. (doct.) -- The Catholic University of America. Canon law studies, v. 535. 1990. 504 $aContiene fonti bibliografiche p. 315-352. 533 $aXerografia.$bAnn Arbor :$cUniversity Microfilms International,$d1991$e22 cm. 650 4$aAutoritą ecclesiastica (diritto canonico).$0(OLS)http://pul/subject/12858 650 4$aDiritto canonico amministrativo.$0(OLS)http://pul/subject/1786 830 0$aCanon law studies (Catholic University of America) ;$v535.$0(OLS)http://pul/title/10927 850 $aPUL 852 $aPUL$W1$xDP1 Tesi Univ. Washington$y50$mTH WAS 535$j89417$nBK-PRI$b $qTesi$B89417$CPULBib$Z2$F89417 $H67734 $81 941 1 $a16 960 $aDiritto amministrativo canonico$91786 996 $6245$aEpiscopal power of gouvernance in the diocesan churc :$bfrom the 1917 code of canon law to the present$9(OLS)http://pul/title/91339 996 $6260$aWashington, D.C. :$b[s.n.]$9(OLS)http://pul/publisher/59254 LEADER 02622nam a2200469 a 4500 001 000000142534 003 CaOOAMICUS 005 20161019105912.0 008 150330m20159999vc af u000 u ita r 020 $a978-88-209-9512-6 (v. I,1) 020 $a978-88-209-9574-4 (v. I, 2)* 020 $a978-88-209-9861-5 (v. 2.2)* 020 $a978-88-209-9771-7 (v. 2.1)* 032 $aLibriCat 040 $aPUL$bita 041 0 $aita$amul 100 0 $aFranciscus PP.,$d1936-2025.$0(OLS)http://pul/name/86295 245 10$aInsegnamenti di Francesco. 260 $aCittą del Vaticano :$bLibreria editrice vaticana,$c2015- 300 $av. :$bill., tav. ;$c24 cm 504 $aInclude riferimenti bibliografici ed indice. 505 1 $aV. I, 1. 2013 (marzo-giugno). -- v. I, 2. 2013 (luglio-dicembre). -- v. II.1. 2014 (gennaio-giugno). -- v. II.2. 2014 (luglio-dicembre). 546 $aDiscorsi in italiano, inglese, latino. 600 04$aFranciscus PP.,$d1936-2025$xInsegnamenti.$0(OLS)http://pul/subject/39921 850 $aPUL 852 $aPUL$W1$xSL Cons. Gen., Altre Classi 1$y1$m1392 G 29.2.1$j173538$bv. 2.1$qStampati$B175871$CPULBib$Z2$F175871 $H127541 $81 852 $aPUL$W1$xSL Cons. Gen., Altre Classi 1$y1$m1392 G 29.2.2$j178326$bv. 2.2$qStampati$B181544$CPULBib$Z2$F181544 $H128221 $81 852 $aPUL$W1$xSL Cons. Gen., Altre Classi 1$y1$m1392 G 29.I.1$j164416$bv. 1$qStampati$B164637$CPULBib$Z2$F164637 $H125625 $81 852 $aPUL$W1$xSL Cons. Gen., Altre Classi 1$y1$m1392 G 29.I.2$j170288$bv. 2$qStampati$B171067$CPULBib$Z2$F171067 $H136478 $81 852 $aPUL$W1$xDP2 Cons. Gen., Altre Classi 1$y61$m1392 G 29.2.1B$j187506$bv. 2, pt.1 (2. copia)$qStampati$B190638$CPULBib$Z2$F190638 $H130162 $81 900 $aBergoglio, Jorge Mario$986295 900 $aFrancesco, papa,$d1936-$986295 910 $aPapi (2013-2025 : Franciscus)$986295 910 $aPapi (2013-2025 : Franciscus)$986295 941 1 $a8 996 $6020$a978-88-209-9574-4 (v. I, 2)*$9(OLS)http://pul/number/158908 996 $6020$a978-88-209-9512-6 (v. I,1)$9(OLS)http://pul/number/157288 996 $6020$a978-88-209-9861-5 (v. 2.2)*$9(OLS)http://pul/number/161336 996 $6020$a978-88-209-9771-7 (v. 2.1)*$9(OLS)http://pul/number/160203 996 $6245$aInsegnamenti di Francesco$9(OLS)http://pul/title/180436 996 $6260$aCittą del Vaticano :$bLibreria editrice vaticana$9(OLS)http://pul/publisher/47920